“凉皮”地点数量≥500的地级行政区 Prefectures with ≥500 Liangpi sites - Statistics

General Stats
  • This quiz has been taken 51 times
  • The average score is 7 of 16
Answer Stats
地级行政区 数量 % Correct
北京 782
96%
西安 1204
92%
郑州 1088
81%
天津 744
81%
上海 515
81%
石家庄 587
67%
沈阳 669
58%
苏州 669
35%
徐州 637
29%
邯郸 745
23%
南阳 513
19%
银川 648
17%
乌鲁木齐 550
17%
廊坊 506
17%
安阳 596
15%
濮阳 927
8%
No matching quizzes found
Score Distribution
Percent of People with Each Score
Percentile by Number Answered
Your Score History
You have not taken this quiz